[Event "2024 National Middle School Championship"]
[Site "Atlanta, Georgia, United States"]
[Date "2024.05.12"]
[Round "7.5"]
[White "Wang, Kyle Y"]
[Black "Rao, Anjaneya Sripathy"]
[Result "1-0"]
[TimeControl "G/90;d10"]
[WhiteElo "2115"]
[BlackElo "2182"]

1. e4 {[%clk 01:30:00]} {[%emt 00:00:01]} e6 {[%clk 01:30:00]} {[%emt
00:00:08]} 2. d4 {[%clk 01:30:00]} {[%emt 00:00:05]} d5 {[%clk 01:30:00]}
{[%emt 00:00:06]} 3. Nc3 {[%clk 01:30:00]} {[%emt 00:00:03]} Nf6 {[%clk
01:30:00]} {[%emt 00:00:06]} 4. Bg5 {[%clk 01:30:00]} {[%emt 00:00:06]} dxe4
{[%clk 01:30:00]} {[%emt 00:00:07]} 5. Nxe4 {[%clk 01:30:00]} {[%emt 00:00:09]}
Be7 {[%clk 01:29:51]} {[%emt 00:00:19]} 6. Bxf6 {[%clk 01:29:59]} {[%emt
00:00:12]} gxf6 {[%clk 01:29:51]} {[%emt 00:00:08]} 7. Nf3 {[%clk 01:29:53]}
{[%emt 00:00:17]} b6 {[%clk 01:27:39]} {[%emt 00:02:22]} 8. Bb5+ {[%clk
01:27:52]} {[%emt 00:02:10]} c6 {[%clk 01:24:47]} {[%emt 00:03:03]} 9. Be2
{[%clk 01:26:53]} {[%emt 00:01:09]} f5 {[%clk 01:22:56]} {[%emt 00:02:01]} 10.
Nc3 {[%clk 01:20:23]} {[%emt 00:06:40]} Nd7 {[%clk 01:21:45]} {[%emt 00:01:20]}
11. Qd3 {[%clk 01:19:02]} {[%emt 00:01:31]} Qc7 {[%clk 01:20:28]} {[%emt
00:01:27]} 12. O-O-O {[%clk 01:16:17]} {[%emt 00:02:56]} a5 {[%clk 01:18:45]}
{[%emt 00:01:52]} 13. Rhe1 {[%clk 01:09:02]} {[%emt 00:07:25]} Ba6 {[%clk
01:01:40]} {[%emt 00:17:16]} 14. Qe3 {[%clk 01:07:49]} {[%emt 00:01:23]} Bd6
{[%clk 00:59:19]} {[%emt 00:02:30]} 15. g3 {[%clk 01:06:39]} {[%emt 00:01:21]}
Bxe2 {[%clk 00:59:04]} {[%emt 00:00:25]} 16. Qxe2 {[%clk 01:06:05]} {[%emt
00:00:44]} O-O-O {[%clk 00:59:02]} {[%emt 00:00:13]} 17. Ne5 {[%clk 01:03:09]}
{[%emt 00:03:06]} Nxe5 {[%clk 00:48:01]} {[%emt 00:11:10]} 18. dxe5 {[%clk
01:02:50]} {[%emt 00:00:30]} Bb4 {[%clk 00:47:50]} {[%emt 00:00:20]} 19. Qf3
{[%clk 00:58:57]} {[%emt 00:03:59]} Kb7 {[%clk 00:38:23]} {[%emt 00:09:41]} 20.
a3 {[%clk 00:54:02]} {[%emt 00:05:05]} Bxc3 {[%clk 00:21:42]} {[%emt 00:16:51]}
21. Qxc3 {[%clk 00:53:27]} {[%emt 00:00:46]} Rxd1+ {[%clk 00:20:19]} {[%emt
00:01:33]} 22. Rxd1 {[%clk 00:53:27]} {[%emt 00:00:07]} Rd8 {[%clk 00:20:08]}
{[%emt 00:00:20]} 23. Rxd8 {[%clk 00:51:54]} {[%emt 00:01:43]} Qxd8 {[%clk
00:20:08]} {[%emt 00:00:02]} 24. Qd2 {[%clk 00:51:24]} {[%emt 00:00:41]} Kc7
{[%clk 00:16:58]} {[%emt 00:03:19]} 25. Qxd8+ {[%clk 00:50:38]} {[%emt
00:00:56]} Kxd8 {[%clk 00:16:58]} {[%emt 00:00:03]} 26. Kd2 {[%clk 00:50:36]}
{[%emt 00:00:11]} Ke7 {[%clk 00:09:29]} {[%emt 00:07:39]} 27. Ke3 {[%clk
00:50:27]} {[%emt 00:00:20]} Kf8 {[%clk 00:07:30]} {[%emt 00:02:09]} 28. Kf4
{[%clk 00:50:19]} {[%emt 00:00:18]} Kg7 {[%clk 00:07:03]} {[%emt 00:00:36]} 29.
Kg5 {[%clk 00:49:20]} {[%emt 00:01:10]} a4 {[%clk 00:04:27]} {[%emt 00:02:46]}
30. c4 {[%clk 00:48:42]} {[%emt 00:00:47]} c5 {[%clk 00:02:28]} {[%emt
00:02:10]} 31. f3 {[%clk 00:46:51]} {[%emt 00:02:01]} h6+ {[%clk 00:01:04]}
{[%emt 00:01:34]} 32. Kh5 {[%clk 00:46:36]} {[%emt 00:00:25]} f6 {[%clk
00:01:04]} {[%emt 00:00:10]} 33. exf6+ {[%clk 00:44:01]} {[%emt 00:02:45]} Kxf6
{[%clk 00:01:04]} {[%emt 00:00:03]} 34. f4 {[%clk 00:43:38]} {[%emt 00:00:33]}
Kg7 {[%clk 00:00:58]} {[%emt 00:00:16]} 35. h3 {[%clk 00:43:01]} {[%emt
00:00:47]} Kh7 {[%clk 00:00:33]} {[%emt 00:00:35]} 36. g4 {[%clk 00:40:13]}
{[%emt 00:02:59]} e5 {[%clk 00:00:04]} {[%emt 00:00:39]} 37. gxf5 {[%clk
00:39:15]} {[%emt 00:01:09]} e4 {[%clk 00:00:03]} {[%emt 00:00:11]} 38. Kg4
{[%clk 00:38:51]} {[%emt 00:00:34]} Kg7 {[%clk 00:00:02]} {[%emt 00:00:11]} 39.
Kg3 {[%clk 00:38:35]} {[%emt 00:00:26]} Kf6 {[%clk 00:00:02]} {[%emt 00:00:03]}
40. Kf2 {[%clk 00:38:34]} {[%emt 00:00:11]} Kxf5 {[%clk 00:00:02]} {[%emt
00:00:10]} 41. Ke3 {[%clk 00:38:34]} {[%emt 00:00:05]} h5 {[%clk 00:00:02]}
{[%emt 00:00:08]} 42. h4 {[%clk 00:38:34]} {[%emt 00:00:03]} Kg4 {[%clk
00:00:02]} {[%emt 00:00:09]} 43. Kxe4 {[%clk 00:38:34]} {[%emt 00:00:08]} Kxh4
{[%clk 00:00:02]} {[%emt 00:00:08]} 44. Kf3 {[%clk 00:38:32]} {[%emt 00:00:12]}
Kh3 {[%clk 00:00:01]} {[%emt 00:00:11]} 45. f5 {[%clk 00:38:32]} {[%emt
00:00:06]} h4 {[%clk 00:00:01]} {[%emt 00:00:04]} 46. f6 {[%clk 00:38:32]}
{[%emt 00:00:03]} Kh2 {[%emt 00:00:04]} 47. f7 {[%clk 00:38:32]} {[%emt
00:00:04]} 1-0

[Event "2024 National Middle School Championship"]
[Site "Atlanta, Georgia, United States"]
[Date "2024.05.12"]
[Round "7.6"]
[White "Yue, Tariq"]
[Black "Chaudhury, Anmay Kumar"]
[Result "1/2-1/2"]
[TimeControl "G/90;d10"]
[WhiteElo "2124"]
[BlackElo "2030"]

1. Nf3 {[%clk 01:30:00]} {[%emt 00:00:01]} d5 {[%clk 01:30:00]} {[%emt
00:00:06]} 2. b3 {[%clk 01:30:00]} {[%emt 00:00:06]} Nf6 {[%clk 01:30:00]}
{[%emt 00:00:07]} 3. Bb2 {[%clk 01:30:00]} {[%emt 00:00:05]} Bf5 {[%clk
01:30:00]} {[%emt 00:00:07]} 4. d3 {[%clk 01:29:53]} {[%emt 00:00:19]} e6
{[%clk 01:30:00]} {[%emt 00:00:09]} 5. g3 {[%clk 01:29:38]} {[%emt 00:00:25]}
h6 {[%clk 01:30:00]} {[%emt 00:00:06]} 6. Bg2 {[%clk 01:29:38]} {[%emt
00:00:05]} Be7 {[%clk 01:30:00]} {[%emt 00:00:08]} 7. O-O {[%clk 01:29:38]}
{[%emt 00:00:07]} O-O {[%clk 01:30:00]} {[%emt 00:00:06]} 8. Nbd2 {[%clk
01:29:35]} {[%emt 00:00:13]} c5 {[%clk 01:30:00]} {[%emt 00:00:07]} 9. Re1
{[%clk 01:27:36]} {[%emt 00:02:09]} Bh7 {[%clk 01:30:00]} {[%emt 00:00:06]} 10.
e4 {[%clk 01:25:39]} {[%emt 00:02:08]} Nc6 {[%clk 01:28:33]} {[%emt 00:01:37]}
11. Ne5 {[%clk 01:19:44]} {[%emt 00:06:05]} Nxe5 {[%clk 01:26:15]} {[%emt
00:02:28]} 12. Bxe5 {[%clk 01:19:44]} {[%emt 00:00:09]} Rc8 {[%clk 01:26:15]}
{[%emt 00:00:07]} 13. c4 {[%clk 01:12:42]} {[%emt 00:07:12]} dxe4 {[%clk
01:20:40]} {[%emt 00:05:45]} 14. dxe4 {[%clk 01:10:43]} {[%emt 00:02:10]} Qd7
{[%clk 01:18:55]} {[%emt 00:01:55]} 15. Qc2 {[%clk 01:07:47]} {[%emt 00:03:05]}
Rfd8 {[%clk 01:05:42]} {[%emt 00:13:22]} 16. Rad1 {[%clk 01:04:54]} {[%emt
00:03:04]} Qd3 {[%clk 01:04:03]} {[%emt 00:01:47]} 17. Qc1 {[%clk 01:02:01]}
{[%emt 00:03:05]} Ng4 {[%clk 00:56:50]} {[%emt 00:07:23]} 18. Nf3 {[%clk
00:57:49]} {[%emt 00:04:22]} Qxf3 {[%clk 00:47:18]} {[%emt 00:09:42]} 19. Bxf3
{[%clk 00:57:01]} {[%emt 00:00:58]} Nxe5 {[%clk 00:47:18]} {[%emt 00:00:02]} 20.
Qe3 {[%clk 00:53:41]} {[%emt 00:03:31]} Bg5 {[%clk 00:46:36]} {[%emt 00:00:51]}
21. Qe2 {[%clk 00:50:44]} {[%emt 00:03:08]} Rd4 {[%clk 00:46:28]} {[%emt
00:00:18]} 22. Bg2 {[%clk 00:48:01]} {[%emt 00:02:52]} Be7 {[%clk 00:46:09]}
{[%emt 00:00:30]} 23. f4 {[%clk 00:45:52]} {[%emt 00:02:19]} Nc6 {[%clk
00:46:09]} {[%emt 00:00:03]} 24. e5 {[%clk 00:45:17]} {[%emt 00:00:45]} Nb4
{[%clk 00:46:09]} {[%emt 00:00:03]} 25. a3 {[%clk 00:32:19]} {[%emt 00:13:07]}
Nc2 {[%clk 00:45:24]} {[%emt 00:00:55]} 26. Rf1 {[%clk 00:31:53]} {[%emt
00:00:36]} Rcd8 {[%clk 00:45:07]} {[%emt 00:00:27]} 27. Rc1 {[%clk 00:29:52]}
{[%emt 00:02:11]} Rd2 {[%clk 00:44:44]} {[%emt 00:00:33]} 28. Qf3 {[%clk
00:29:52]} {[%emt 00:00:10]} Nd4 {[%clk 00:44:05]} {[%emt 00:00:49]} 29. Qxb7
{[%clk 00:29:07]} {[%emt 00:00:55]} Rd7 {[%clk 00:38:26]} {[%emt 00:05:49]} 30.
Qa8+ {[%clk 00:21:15]} {[%emt 00:08:02]} Rd8 {[%clk 00:38:26]} {[%emt
00:00:03]} 31. Qxa7 {[%clk 00:21:14]} {[%emt 00:00:11]} Rd7 {[%clk 00:38:26]}
{[%emt 00:00:07]} 32. Qxd7 {[%clk 00:20:16]} {[%emt 00:01:08]} Ne2+ {[%clk
00:38:26]} {[%emt 00:00:07]} 33. Kf2 {[%clk 00:20:10]} {[%emt 00:00:15]} Rxd7
{[%clk 00:38:26]} {[%emt 00:00:05]} 34. Kxe2 {[%clk 00:20:10]} {[%emt
00:00:06]} Bd3+ {[%clk 00:38:26]} {[%emt 00:00:04]} 35. Ke3 {[%clk 00:20:09]}
{[%emt 00:00:11]} Bxf1 {[%clk 00:38:26]} {[%emt 00:00:04]} 36. Rxf1 {[%clk
00:19:29]} {[%emt 00:00:49]} Ra7 {[%clk 00:38:26]} {[%emt 00:00:07]} 37. Ra1
{[%clk 00:19:07]} {[%emt 00:00:31]} Kf8 {[%clk 00:37:25]} {[%emt 00:01:12]} 38.
Bc6 {[%clk 00:18:32]} {[%emt 00:00:45]} Bd8 {[%clk 00:36:38]} {[%emt 00:00:57]}
39. Ba4 {[%clk 00:18:12]} {[%emt 00:00:29]} Ke7 {[%clk 00:36:34]} {[%emt
00:00:14]} 40. Rd1 {[%clk 00:16:19]} {[%emt 00:02:03]} Ba5 {[%clk 00:36:34]}
{[%emt 00:00:06]} 41. Kd3 {[%clk 00:15:16]} {[%emt 00:01:13]} Ra8 {[%clk
00:35:57]} {[%emt 00:00:48]} 42. Kc2 {[%clk 00:14:05]} {[%emt 00:01:22]} Rd8
{[%clk 00:35:57]} {[%emt 00:00:05]} 43. Rxd8 {[%clk 00:14:05]} {[%emt
00:00:06]} Kxd8 {[%clk 00:35:57]} 44. g4 {[%clk 00:10:59]} {[%emt 00:03:16]}
Ke7 {[%clk 00:33:35]} {[%emt 00:02:32]} 45. Bc6 {[%clk 00:09:26]} {[%emt
00:01:43]} f6 {[%clk 00:25:19]} {[%emt 00:08:27]} 46. Kd3 {[%clk 00:08:47]}
{[%emt 00:00:50]} fxe5 {[%clk 00:24:19]} {[%emt 00:01:09]} 47. fxe5 {[%clk
00:08:47]} {[%emt 00:00:05]} g5 {[%clk 00:24:16]} {[%emt 00:00:12]} 48. h3
{[%clk 00:08:47]} {[%emt 00:00:11]} Be1 {[%clk 00:24:16]} {[%emt 00:00:08]} 49.
Be4 {[%clk 00:06:19]} {[%emt 00:02:36]} Ba5 {[%clk 00:23:24]} {[%emt 00:01:03]}
50. Bb7 {[%clk 00:05:24]} {[%emt 00:01:05]} Be1 {[%clk 00:23:13]} {[%emt
00:00:21]} 51. Bc8 {[%clk 00:05:24]} {[%emt 00:00:06]} Ba5 {[%clk 00:23:06]}
{[%emt 00:00:18]} 52. Kc2 {[%clk 00:03:22]} {[%emt 00:02:12]} Be1 {[%clk
00:22:42]} {[%emt 00:00:34]} 1/2-1/2

[Event "2024 National Middle School Championship"]
[Site "Atlanta, Georgia, United States"]
[Date "2024.05.12"]
[Round "7.7"]
[White "Singh, Siddharth"]
[Black "Peter, Sarah Elizabeth"]
[Result "1-0"]
[TimeControl "G/90;d10"]
[WhiteElo "2204"]
[BlackElo "1499"]

1. e4 {[%clk 01:30:00]} {[%emt 00:00:02]} e6 {[%clk 01:29:49]} {[%emt
00:00:22]} 2. d4 {[%clk 01:30:00]} {[%emt 00:00:04]} d5 {[%clk 01:29:49]}
{[%emt 00:00:09]} 3. e5 {[%clk 01:30:00]} {[%emt 00:00:05]} c5 {[%clk
01:29:35]} {[%emt 00:00:24]} 4. c3 {[%clk 01:30:00]} {[%emt 00:00:03]} Nc6
{[%clk 01:29:18]} {[%emt 00:00:27]} 5. Nf3 {[%clk 01:30:00]} {[%emt 00:00:05]}
Qb6 {[%clk 01:28:58]} {[%emt 00:00:30]} 6. Bd3 {[%clk 01:30:00]} {[%emt
00:00:05]} Nh6 {[%clk 01:27:09]} {[%emt 00:01:59]} 7. O-O {[%clk 01:29:16]}
{[%emt 00:00:54]} cxd4 {[%clk 01:24:01]} {[%emt 00:03:18]} 8. Re1 {[%clk
01:29:16]} {[%emt 00:00:06]} dxc3 {[%clk 01:21:02]} {[%emt 00:03:10]} 9. Nxc3
{[%clk 01:29:16]} {[%emt 00:00:06]} a6 {[%clk 01:15:32]} {[%emt 00:05:39]} 10.
h3 {[%clk 01:28:43]} {[%emt 00:00:44]} Bd7 {[%clk 01:09:55]} {[%emt 00:05:47]}
11. a3 {[%clk 01:23:59]} {[%emt 00:04:54]} Rc8 {[%clk 01:02:06]} {[%emt
00:07:58]} 12. Na4 {[%clk 01:21:20]} {[%emt 00:02:49]} Qa7 {[%clk 00:56:29]}
{[%emt 00:05:47]} 13. b4 {[%clk 01:21:20]} {[%emt 00:00:07]} b6 {[%clk
00:53:21]} {[%emt 00:03:16]} 14. Be3 {[%clk 01:20:43]} {[%emt 00:00:47]} Rb8
{[%clk 00:53:13]} {[%emt 00:00:19]} 15. Rc1 {[%clk 01:20:32]} {[%emt 00:00:21]}
Be7 {[%clk 00:48:02]} {[%emt 00:05:20]} 16. Qd2 {[%clk 01:17:54]} {[%emt
00:02:49]} Ng8 {[%clk 00:46:56]} {[%emt 00:01:16]} 17. Qe2 {[%clk 01:16:48]}
{[%emt 00:01:17]} d4 {[%clk 00:38:25]} {[%emt 00:08:40]} 18. Bd2 {[%clk
01:15:03]} {[%emt 00:01:54]} b5 {[%clk 00:36:28]} {[%emt 00:02:07]} 19. Nc5
{[%clk 01:15:01]} {[%emt 00:00:12]} Bxc5 {[%clk 00:36:23]} {[%emt 00:00:15]} 20.
Rxc5 {[%clk 01:15:01]} {[%emt 00:00:09]} Nge7 {[%clk 00:35:20]} {[%emt
00:01:13]} 21. Qe4 {[%clk 01:14:48]} {[%emt 00:00:23]} Qa8 {[%clk 00:29:17]}
{[%emt 00:06:12]} 22. Rec1 {[%clk 01:13:57]} {[%emt 00:01:02]} h6 {[%clk
00:27:36]} {[%emt 00:01:52]} 23. Qg4 {[%clk 01:13:07]} {[%emt 00:01:00]} Kf8
{[%clk 00:24:43]} {[%emt 00:03:02]} 24. Be4 {[%clk 01:11:57]} {[%emt 00:01:21]}
Rc8 {[%clk 00:23:27]} {[%emt 00:01:25]} 25. Nxd4 {[%clk 01:11:31]} {[%emt
00:00:36]} g6 {[%clk 00:19:30]} {[%emt 00:04:07]} 26. Qh4 {[%clk 01:10:43]}
{[%emt 00:00:58]} h5 {[%clk 00:17:25]} {[%emt 00:02:15]} 27. Bg5 {[%clk
01:08:39]} {[%emt 00:02:14]} Nd5 {[%clk 00:13:16]} {[%emt 00:04:19]} 28. Bxd5
{[%clk 01:06:20]} {[%emt 00:02:29]} exd5 {[%clk 00:13:16]} {[%emt 00:00:08]} 29.
e6 {[%clk 01:06:05]} {[%emt 00:00:26]} Be8 {[%clk 00:11:34]} {[%emt 00:01:51]}
30. exf7 {[%clk 01:06:02]} {[%emt 00:00:13]} Kxf7 {[%clk 00:11:29]} {[%emt
00:00:16]} 31. Qf4+ {[%clk 01:04:32]} {[%emt 00:01:39]} Kg8 {[%clk 00:11:20]}
{[%emt 00:00:19]} 32. Qf6 {[%clk 01:04:31]} {[%emt 00:00:11]} Rh7 {[%clk
00:09:52]} {[%emt 00:01:38]} 33. Nxc6 {[%clk 01:04:29]} {[%emt 00:00:12]} Bxc6
{[%clk 00:09:13]} {[%emt 00:00:49]} 34. Qxg6+ {[%clk 01:04:29]} {[%emt
00:00:03]} Rg7 {[%clk 00:09:10]} {[%emt 00:00:12]} 35. Qe6+ {[%clk 01:04:29]}
{[%emt 00:00:02]} Kh7 {[%clk 00:08:40]} {[%emt 00:00:39]} 36. Rxc6 {[%clk
01:04:21]} {[%emt 00:00:19]} Rxc6 {[%clk 00:07:38]} {[%emt 00:01:12]} 37. Rxc6
{[%clk 01:04:21]} {[%emt 00:00:08]} Qxc6 {[%clk 00:06:49]} {[%emt 00:00:59]} 38.
Qxc6 {[%clk 01:04:20]} {[%emt 00:00:11]} Rxg5 {[%clk 00:06:49]} {[%emt
00:00:05]} 39. h4 {[%clk 01:04:04]} {[%emt 00:00:26]} Rf5 {[%clk 00:06:13]}
{[%emt 00:00:46]} 40. Qd7+ {[%clk 01:04:02]} {[%emt 00:00:11]} Kg6 {[%clk
00:06:13]} {[%emt 00:00:08]} 41. Qe6+ {[%clk 01:04:02]} {[%emt 00:00:04]} Rf6
{[%clk 00:06:01]} {[%emt 00:00:22]} 42. Qxd5 {[%clk 01:04:02]} {[%emt
00:00:06]} Rf5 {[%clk 00:05:31]} {[%emt 00:00:40]} 43. Qe6+ {[%clk 01:04:00]}
{[%emt 00:00:12]} Rf6 {[%clk 00:05:31]} {[%emt 00:00:07]} 44. Qg8+ {[%clk
01:04:00]} {[%emt 00:00:04]} Kf5 {[%clk 00:05:19]} {[%emt 00:00:22]} 45. Qg5+
{[%clk 01:04:00]} {[%emt 00:00:07]} Ke6 {[%clk 00:05:19]} {[%emt 00:00:06]} 46.
Qxh5 {[%clk 01:04:00]} {[%emt 00:00:04]} Kd6 {[%clk 00:04:57]} {[%emt
00:00:33]} 47. g4 {[%clk 01:04:00]} {[%emt 00:00:10]} Re6 {[%clk 00:04:51]}
{[%emt 00:00:17]} 48. Qc5+ {[%clk 01:03:58]} {[%emt 00:00:11]} Kd7 {[%clk
00:04:50]} {[%emt 00:00:11]} 49. h5 {[%clk 01:03:58]} {[%emt 00:00:04]} Rc6
{[%clk 00:04:11]} {[%emt 00:00:49]} 50. Qxc6+ {[%clk 01:03:58]} {[%emt
00:00:06]} Kxc6 {[%clk 00:04:11]} {[%emt 00:00:05]} 51. h6 {[%clk 01:03:58]}
{[%emt 00:00:04]} Kd5 {[%clk 00:04:11]} {[%emt 00:00:07]} 52. h7 {[%clk
01:03:58]} {[%emt 00:00:05]} Kc4 {[%clk 00:04:08]} {[%emt 00:00:13]} 53. h8=Q
{[%clk 01:03:58]} {[%emt 00:00:08]} Kb3 {[%clk 00:04:08]} {[%emt 00:00:07]} 54.
g5 {[%clk 01:03:56]} {[%emt 00:00:12]} Kxa3 {[%clk 00:04:08]} {[%emt 00:00:06]}
55. Qc3+ {[%clk 01:03:53]} {[%emt 00:00:13]} Ka2 {[%clk 00:04:08]} {[%emt
00:00:07]} 56. g6 {[%clk 01:03:53]} {[%emt 00:00:05]} Kb1 {[%clk 00:04:08]}
{[%emt 00:00:10]} 57. g7 {[%clk 01:03:53]} {[%emt 00:00:06]} Ka2 {[%clk
00:04:08]} {[%emt 00:00:07]} 58. g8=Q+ {[%clk 01:03:53]} {[%emt 00:00:08]} Kb1
{[%clk 00:04:03]} {[%emt 00:00:14]} 59. Qgb3# {[%clk 01:03:53]} {[%emt
00:00:05]} 1-0

[Event "2024 National Middle School Championship"]
[Site "Atlanta, Georgia, United States"]
[Date "2024.05.12"]
[Round "7.8"]
[White "Ziegler, Nate"]
[Black "Williams, Oscar Izzy"]
[Result "1/2-1/2"]
[TimeControl "G/90;d10"]
[WhiteElo "2015"]
[BlackElo "2160"]

1. c4 {[%clk 01:30:00]} {[%emt 00:00:01]} Nf6 {[%clk 01:28:23]} {[%emt
00:01:47]} 2. Nc3 {[%clk 01:30:00]} {[%emt 00:00:04]} g6 {[%clk 01:28:16]}
{[%emt 00:00:18]} 3. d4 {[%clk 01:30:00]} {[%emt 00:00:04]} Bg7 {[%clk
01:28:09]} {[%emt 00:00:18]} 4. e4 {[%clk 01:30:00]} {[%emt 00:00:05]} d6
{[%clk 01:28:09]} {[%emt 00:00:03]} 5. Nf3 {[%clk 01:30:00]} {[%emt 00:00:07]}
O-O {[%clk 01:28:09]} {[%emt 00:00:05]} 6. h3 {[%clk 01:30:00]} {[%emt
00:00:07]} e5 {[%clk 01:28:09]} {[%emt 00:00:06]} 7. d5 {[%clk 01:30:00]}
{[%emt 00:00:04]} Nh5 {[%clk 01:28:09]} {[%emt 00:00:03]} 8. g3 {[%clk
01:29:59]} {[%emt 00:00:11]} f5 {[%clk 01:28:09]} {[%emt 00:00:03]} 9. exf5
{[%clk 01:29:57]} {[%emt 00:00:11]} gxf5 {[%clk 01:28:08]} {[%emt 00:00:12]} 10.
Nh4 {[%clk 01:29:57]} {[%emt 00:00:09]} Nf6 {[%clk 01:27:59]} {[%emt 00:00:19]}
11. Bd3 {[%clk 01:29:56]} {[%emt 00:00:09]} e4 {[%clk 01:27:59]} {[%emt
00:00:11]} 12. Be2 {[%clk 01:29:55]} {[%emt 00:00:12]} Na6 {[%clk 01:27:23]}
{[%emt 00:00:45]} 13. Be3 {[%clk 01:28:39]} {[%emt 00:01:25]} Nc5 {[%clk
01:26:47]} {[%emt 00:00:46]} 14. Ng2 {[%clk 01:26:58]} {[%emt 00:01:51]} Nfd7
{[%clk 01:26:16]} {[%emt 00:00:41]} 15. Qc2 {[%clk 01:19:35]} {[%emt 00:07:31]}
Ne5 {[%clk 01:24:58]} {[%emt 00:01:29]} 16. Nf4 {[%clk 01:16:53]} {[%emt
00:02:53]} a6 {[%clk 01:22:07]} {[%emt 00:03:02]} 17. O-O {[%clk 01:08:24]}
{[%emt 00:08:37]} Ng6 {[%clk 01:13:27]} {[%emt 00:08:51]} 18. Rad1 {[%clk
01:03:04]} {[%emt 00:05:29]} Nxf4 {[%clk 01:12:03]} {[%emt 00:01:34]} 19. Bxf4
{[%clk 01:02:55]} {[%emt 00:00:19]} Nd7 {[%clk 01:11:04]} {[%emt 00:01:10]} 20.
h4 {[%clk 01:01:42]} {[%emt 00:01:23]} Ne5 {[%clk 01:10:41]} {[%emt 00:00:33]}
21. h5 {[%clk 01:00:59]} {[%emt 00:00:53]} Qe8 {[%clk 01:08:22]} {[%emt
00:02:28]} 22. Kg2 {[%clk 01:00:37]} {[%emt 00:00:32]} Kh8 {[%clk 01:05:23]}
{[%emt 00:03:09]} 23. Rh1 {[%clk 01:00:03]} {[%emt 00:00:44]} Bf6 {[%clk
01:03:11]} {[%emt 00:02:23]} 24. Qd2 {[%clk 00:56:12]} {[%emt 00:04:01]} Bd7
{[%clk 01:00:29]} {[%emt 00:02:53]} 25. Qe3 {[%clk 00:53:49]} {[%emt 00:02:33]}
Qf7 {[%clk 00:59:03]} {[%emt 00:01:36]} 26. a3 {[%clk 00:51:08]} {[%emt
00:02:51]} Rg8 {[%clk 00:57:31]} {[%emt 00:01:42]} 27. c5 {[%clk 00:47:47]}
{[%emt 00:03:30]} Qe7 {[%clk 00:52:09]} {[%emt 00:05:32]} 1/2-1/2

[Event "2024 National Middle School Championship"]
[Site "Atlanta, Georgia, United States"]
[Date "2024.05.12"]
[Round "7.9"]
[White "Ismayilova, Khanim"]
[Black "You, Eden"]
[Result "1-0"]
[TimeControl "G/90;d10"]
[WhiteElo "2039"]
[BlackElo "1930"]

1. e4 {[%clk 01:30:00]} c5 {[%clk 01:30:00]} {[%emt 00:00:07]} 2. c3 {[%clk
01:30:00]} {[%emt 00:00:04]} Nf6 {[%clk 01:29:50]} {[%emt 00:00:20]} 3. e5
{[%clk 01:30:00]} {[%emt 00:00:06]} Nd5 {[%clk 01:29:50]} {[%emt 00:00:04]} 4.
d4 {[%clk 01:30:00]} {[%emt 00:00:05]} cxd4 {[%clk 01:29:49]} {[%emt 00:00:11]}
5. Nf3 {[%clk 01:30:00]} {[%emt 00:00:04]} Nc6 {[%clk 01:28:05]} {[%emt
00:01:53]} 6. Bc4 {[%clk 01:29:37]} {[%emt 00:00:34]} Nb6 {[%clk 01:25:26]}
{[%emt 00:02:49]} 7. Bb3 {[%clk 01:29:34]} {[%emt 00:00:13]} d6 {[%clk
01:19:59]} {[%emt 00:05:37]} 8. exd6 {[%clk 01:29:16]} {[%emt 00:00:29]} e6
{[%clk 01:16:45]} {[%emt 00:03:22]} 9. cxd4 {[%clk 01:23:23]} {[%emt 00:06:04]}
Bxd6 {[%clk 01:14:49]} {[%emt 00:02:05]} 10. O-O {[%clk 01:17:36]} {[%emt
00:05:57]} O-O {[%clk 01:12:46]} {[%emt 00:02:12]} 11. Nc3 {[%clk 01:12:49]}
{[%emt 00:04:58]} h6 {[%clk 01:09:53]} {[%emt 00:03:03]} 12. a3 {[%clk
01:09:09]} {[%emt 00:03:51]} Bc7 {[%clk 01:06:26]} {[%emt 00:03:35]} 13. Qd3
{[%clk 01:05:23]} {[%emt 00:03:58]} Nd5 {[%clk 00:53:29]} {[%emt 00:13:05]} 14.
Rd1 {[%clk 00:53:58]} {[%emt 00:11:36]} a6 {[%clk 00:46:42]} {[%emt 00:06:57]}
15. Bc2 {[%clk 00:41:34]} {[%emt 00:12:35]} f5 {[%clk 00:43:04]} {[%emt
00:03:47]} 16. Nxd5 {[%clk 00:36:19]} {[%emt 00:05:26]} exd5 {[%clk 00:38:45]}
{[%emt 00:04:27]} 17. Re1 {[%clk 00:35:29]} {[%emt 00:01:01]} Qf6 {[%clk
00:35:17]} {[%emt 00:03:36]} 18. Bd2 {[%clk 00:31:11]} {[%emt 00:04:31]} Bd7
{[%clk 00:27:30]} {[%emt 00:07:55]} 19. Qb3 {[%clk 00:30:05]} {[%emt 00:01:17]}
Qd6 {[%clk 00:22:11]} {[%emt 00:05:27]} 20. g3 {[%clk 00:19:48]} {[%emt
00:10:29]} Ba5 {[%clk 00:14:05]} {[%emt 00:08:17]} 21. Bf4 {[%clk 00:18:23]}
{[%emt 00:01:34]} Qf6 {[%clk 00:13:35]} {[%emt 00:00:39]} 22. Qxd5+ {[%clk
00:18:13]} {[%emt 00:00:22]} Rf7 {[%clk 00:12:27]} {[%emt 00:01:16]} 23. Re2
{[%clk 00:14:50]} {[%emt 00:03:34]} Kh8 {[%clk 00:11:31]} {[%emt 00:01:05]} 24.
Ne5 {[%clk 00:14:02]} {[%emt 00:00:59]} Be6 {[%clk 00:06:04]} {[%emt 00:05:36]}
25. Qc5 {[%clk 00:10:04]} {[%emt 00:04:09]} Rc7 {[%clk 00:04:05]} {[%emt
00:02:09]} 26. Ng6+ {[%clk 00:09:22]} {[%emt 00:00:52]} Qxg6 {[%clk 00:04:04]}
{[%emt 00:00:10]} 27. Bxc7 {[%clk 00:09:22]} {[%emt 00:00:02]} Bxc7 {[%clk
00:04:04]} {[%emt 00:00:02]} 28. d5 {[%clk 00:09:22]} {[%emt 00:00:02]} Bd7
{[%clk 00:02:40]} {[%emt 00:01:34]} 29. dxc6 {[%emt 00:00:12]} bxc6 {[%clk
00:02:38]} {[%emt 00:00:10]} 30. Rd1 {[%clk 00:08:55]} {[%emt 00:00:37]} Rd8
{[%clk 00:02:32]} {[%emt 00:00:14]} 31. Re7 {[%emt 00:01:14]} 1-0